Chalk line / (Record no. 76897)

MARC details
000 -LEADER
fixed length control field 00492nam a22001817a 4500
005 - DATE AND TIME OF LATEST TRANSACTION
control field 20131011150231.0
010 ## - LCCN (DPL NO)
LC control number ENG-107717
020 ## - INTERNATIONAL STANDARD BOOK NUMBER
International Standard Book Number 9789382601081
Terms of availability 395.00
035 ## - SYSTEM CONTROL NUMBER
System control number EN-91250
037 ## - SOURCE OF ACQUISITION
Source of stock number/acquisition DBAD/PUB
082 ## - DEWEY DECIMAL CLASSIFICATION NUMBER
Classification number N
100 ## - MAIN ENTRY--PERSONAL NAME
Personal name LaRocque, Paula
245 ## - TITLE STATEMENT
Title Chalk line /
Statement of responsibility, etc by Paula LaRocque
260 ## - PUBLICATION, DISTRIBUTION, ETC. (IMPRINT)
Place of publication, distribution, etc Uttar Pradesh
Name of publisher, distributor, etc eVookz
Date of publication, distribution, etc 2010
270 ## - ADDRESS
Address 10,Parshawanath Edens,Sector,Alpha-11,Greater Noida
City Uttar Pradesh
300 ## - PHYSICAL DESCRIPTION
Extent 321p.
Dimensions 23cm(pbk)
942 ## - ADDED ENTRY ELEMENTS (KOHA)
Source of classification or shelving scheme Dewey Decimal Classification
Item type English Books
Call number suffix LAR
Classification part N
Holdings
Withdrawn status Lost status Not for loan Collection code Home library Current library Date acquired Source of acquisition Cost, normal purchase price Full call number Barcode Copy number Cost, replacement price Koha item type
    Not For Loan Fiction D.B.Act.Division D.B.Act.Division 24/06/2013 DBAD/PUB 395.00 N LAR EN-91250 1 395.00 English Books

© Delhi Public Library
Hit Counter
free hit counter